Quizzes
Events
Quiz Creation
Community
Videos
Private Events
Remove Ads
Sign In
Join for FREE
Feedback
Dark Mode
Quiz Categories
Sports
Geography
Music
Movies
Television
Just For Fun
Miscellaneous
History
Literature
Language
Science
Gaming
Entertainment
Religion
Holiday
For Kids
Quiz Lab
Recent
Popular Today
Quiz Kudos Today
Editor Picks
Curator Picks
Quizzes by...
Day
Popularity
Type
Ratings
Length
Year
Community
Subscriptions
Recent Discussions
Orange Saloon
Badges
Playlists
Quests
Create
Leaderboards
Showdown
Live 5
Trivia Bingo
Activity
Puzzle Library
Sporcle Events
Private Events
Virtual Trivia
Globe League
Become a Host
Pub Owners
SporcleCon
Opinionation
Our Games
Videos
Blog
Mobile Apps
Partnerships
Remove Ads and Go Orange
Feedback
Gaming
Video Games
Board Games
Card Games
Pokémon
Mario
Nintendo
Minecraft
Console
Toys
Legend of Zelda
Gaming
Video Games
Board Games
Card Games
Pokémon
Mario
Nintendo
Minecraft
Console
Toys
Legend of Zelda
Random Quiz
Search Sporcle
×
Quiz Lab
Quiz Lab
Gaming
grand
Type in answers that appear in a list
Type in answers that appear in a list
Classic
Best Score? Go Orange.
Grand Theft Auto IV - Mission Game Stats
Can you name the Grand Theft Auto IV - Who has work??
By
Delrihuzz
6m
20 Questions
369 Plays
369 Plays
369 Plays
Comments
Comments
Give Quiz Kudos
Give Quiz Kudos
-
- Ratings
hide this ad
More Info
Random Order
Randomize order of answers
Randomize order of answers
Replay
Link that replays current quiz
Next Quiz
Link to next quiz in quiz playlist
You Got
0%
They Got
Avg Score
55%
Avg Friend Score
Upgrade to see
Score Distribution
Jump to the score distribution portion of the page
Score
0/20
Timer
06:00
0
Plays Today
Mission example
Who?
% Correct
It's Your Call
Roman
88.9%
Waste not want Knots
Patrick McReary
69.4%
Shadow
Little Jacob
67.5%
Photo Shoot
Playboy X
65.9%
Final Interview
Francis McReary
65%
I Need your Clothes, your Boots, and your Motorcycle
Gerald McReary
64.8%
Do You Have Protection?
Mikhail Faustin
62.9%
Flat Line
Jimmy Pegorino
62.1%
Babysitting
Derrick McReary
57.7%
Portrait of a Killer
United Liberty Paper
57.5%
Mission example
Who?
% Correct
Luck of the Irish
Elizabeta Torres
56.9%
Late Checkout
Ray Boccino
56.9%
Catch the Wave
Phil Bell
54.5%
Easy as can be
Bruce Kibbutz
54.2%
Ruff Rider
Dwayne Forge
50.1%
Street Sweeper
Manny Escuela
49.3%
Union Drive
Bernie Crane
43.4%
Ivan the Not So Terrible
Vlad Glebov
40.9%
R.U.B. Down
The Fixer
19%
Dining Out
Gambetti
18.7%
Quiz Playlist
Details
Report
Send in Message
Add To Playlist
More Info:
Which NPC's hand out missions to Niko Bellic throughout the single player story?
Classic:
Type in answers that appear in a list
Random Order:
Randomize order of answers
Last Updated: Feb 16, 2017
Quiz Scoreboard
CHALLENGE
Sign Up to Join the Scoreboard
Show All
Scores
Hide
Comments
May contain spoilers
Recently Published
1-10 Letter E Words III
by El_Dandy
Language
2m
One Thing in Common: World Cities II
by knightlancer
Geography
7m
Popular People in 1961
by mucciniale
History
6m
More to Explore
Quiz From the Vault
Featured Blog Post
Where Did the Easter Bunny Come From?
hide this ad
You Might Also Like...
Tags
auto
Example
grand
Grand Theft Auto
mission
theft
Today's Top Quizzes in Gaming
Browse Gaming
hide this ad
Today's Top Quizzes in grand
Browse grand
Top Contributed Quizzes in Gaming
1
Destiny 2 exotic weapons by perk icons
2
Who's on the WWE 2K24 Cover?
3
Windmill: Pokémon
4
Overwatch 2 Heroes by Selection Quote
5
Overwatch 2: Ultimate Ability Icons
6
Genshin Impact Logic Puzzle
7
Genshin murder mystery
8
Legendary or Exotic?
9
Overwatch Logic Puzzle
10
Franchise by Action Figure
Explore More
Trending Topics
NBA
Kpop
Harry Potter
Crossword
Marvel
Disney
Anime
NFL
Puzzle
Soccer
WWE
The Office
Pokémon
Country
Song
hide this ad
More By:
Delrihuzz
Quiz
Plays
Rating
Category
Featured
Created
Pokémon Signature Moves
976
3.86
Gaming
Jan 7, 2010
Grand Theft Auto IV - Mission Game
369
2.00
Gaming
Apr 15, 2010
WWF/-E finishing maneuvers
352
2.00
Entertainment
May 22, 2010
Name all Pokémon Event Items!
117
3.00
Gaming
Nov 11, 2009
Pokémon voice actors English & Japanese
41
5.00
Television
Jan 4, 2010
Go to Creator's Profile
Score Distribution
Quiz Creator Spotlight
Delrihuzz
Follow
Send a Message
Quizzes Created
-
Created Quiz Play Count
-
More By This Creator
Popular Quizzes Today
1
Find the US States - No Outlines Minefield
2
The Countries of the World
3
Find the Countries of Europe - No Outlines Minefield
4
Popular People in 1961
5
1-10 Letter E Words III
6
Find the US States
7
One Thing in Common: World Cities II
8
US States
More Gaming Quizzes
3 Clues: Pokémon (Generation VII)
Quiz Lab
Trending Quizzes
Risky Map Clicking: Least Populous States A-Z
1-10 Letter F Words
1-10 Letter G Words
One Thing in Common: United Kingdom
Risky Map Clicking: Next State Alphabetically
Recently Updated
Leaping Animals
pecheneg
Reality TV Shows (A-Z)
bhenderson79
Rickey Henderson's Hall of Fame Teammates
pecheneg
Champions League XIs: Arsenal
pecheneg
Quick Pick: Celebrities in WWE's Hall of Fame
aduchscher
A-Z Keypad Blitz II
pecheneg
Multiple Oscar Actors
pecheneg
Mystery Phrase Blitz: Oscar 'Best Actors'
pecheneg
F. Scott Fitzgerald Novels
LTH
Pick 3 Villains
ddd62291
Trending Topics
NBA
Kpop
Harry Potter
Disney
Marvel
Anime
Crossword
The Office
Country
Song
Puzzle
Soccer
Pokémon
NFL
WWE
Your Account Isn't Verified!
In order to create a playlist on Sporcle, you need to verify the email address you used during registration. Go to your
Sporcle Settings
to finish the process.
Report this User
Report this user for behavior that violates our
Community Guidelines
.
Details:
Send Report
Go to the Sporcle.com Mobile Site →
Comments